Statistics for Six Degrees of Separation - People in History #2

Click here to take the quiz!

General Stats

  • This quiz has been taken 12,262 times
  • The average score is 15 of 24

Answer Stats

ColorConnectionPerson% Correct
GreenThe President of the U.S. at the start of WWII was...Franklin D. Roosevelt
92%
Green
Who, in 1939, received a letter signed by this physicist about the
potential for nuclear weapons...
Albert Einstein
91%
Green
Whose theory of relativity added some exceptions to the
"Three Laws of Motion" formulated by...
Isaac Newton
87%
BlueThe singer who recorded "Rocket Man" is...Elton John
85%
YellowThe dictator of Cuba from 1959–2011 was...Fidel Castro
82%
YellowWho was friends with this beret-wearing revolutionary...Che Guevara
75%
RedThe first leader of the Mongol Empire was...Genghis Khan
72%
BlueWho dedicated his song "Candle in the Wind" to this actress...Marilyn Monroe
72%
Blue
Who, shortly before his death, made 100 variations of this artist's
"The Last Supper"...
Leonardo da Vinci
71%
BlueWho was painted by this pop artist...Andy Warhol
67%
YellowWho is considered the Latin American version of this U.S. leader...George Washington
67%
GreenWhose work was funded by this comet namesake...Edmond Halley
64%
YellowWho was executed in the country named for...Simón Bolivar
62%
RedWhose court was visited by this Italian explorer...Marco Polo
61%
YellowWho appears on Mount Rushmore next to...Thomas Jefferson
61%
RedWhose voyages inspired this fellow Italian...Christopher Columbus
59%
Green
Whose comet marked the birth (1835) and death (1910) of this
famous American author...
Mark Twain
57%
RedWhose voyages were sponsored by Castile, led by queen...Isabella I
51%
Green
Who wrote a book about a "Connecticut Yankee" at the court of this
legendary Brittanic king...
King Arthur
46%
BlueWho wrestled, and beat, this English kingHenry VIII
45%
RedWho, in 1475, married...Ferdinand II
40%
RedWho was the grandfather of this Chinese ruler...Kublai Khan
37%
Yellow
Who helped this French nobleman write "The Declaration of
the Rights of Man"
Marquis de {Lafayette}
33%
BlueWho was supported by this King of France, the first of his name...Francis I
19%

Score Distribution

Percentile by Number Answered

Percent of People with Each Score

Your Score History

You have not taken this quiz